| Поле | Название | Значение |
| |
Тип записи |
a |
| |
Библиографический уровень |
m |
| 001 |
Контрольный номер |
4848374acbe448e9bdd6250ea16e9c84 |
| 005 |
Дата корректировки |
20230109145945.7 |
| 010 |
Индекс ISBN |
__ |
| a |
ISBN |
978-5-04-157262-4 |
| b |
Уточнения |
в пер. |
| 9 |
Тираж |
4000 экз. |
| d |
Цена |
533-50 |
| 100 |
Данные общей обработки |
__ |
| a |
Данные общей обработки |
20220317d2021 ma y0rusy028902 ca |
| 101 |
Язык документа |
1_ |
| a |
Язык текста |
rus |
| c |
Язык оригинала |
eng |
| 102 |
Страна публикации |
__ |
| a |
Страна публикации |
RU |
| 105 |
Кодированные данные (монография) |
__ |
| a |
Кодированные данные (монография) |
y z 000ay |
| 181 |
Поле кодированных данных: вид содержания |
_0 |
| a |
Код вида содержания (ISBD) |
i |
| 182 |
Поле кодированных данных: тип средства |
_0 |
| a |
Код типа средства (ISBD) |
n |
| 200 |
Заглавие и сведения об ответственности |
1_ |
| a |
Заглавие |
Шерли |
| e |
Сведения, относящиеся к заглавию |
[роман] |
| f |
Первые сведения об ответственности |
Шарлотта Бронте |
| g |
Последующие сведения об ответственности |
перевод с английского Ирины Грушецкой и Феликса Мендельсона |
| 203 |
Вид содержания и тип средства |
__ |
| a |
Вид содержания |
Текст |
| c |
Тип средства |
непосредственный |
| 210 |
Выходные данные |
1_ |
| a |
Место издания |
Москва |
| c |
Издательство |
Эксмо |
| d |
Дата издания |
2021 |
| 215 |
Физическое описание |
__ |
| a |
Объем |
604, [1] с. |
| c |
Иллюстрации/тип воспроизводства |
портр. |
| d |
Формат |
22 см |
| 225 |
Серия |
2_ |
| a |
Серия |
Элегантная классика |
| 330 |
Аннотация |
__ |
| a |
Аннотация |
"Шерли" - пылкое описание конфликта поколений, полов и социальных слоев, в котором любовные истории тесно переплетены с суровой реальностью. Фабрикант Роберт Мур собирается жениться на богатой наследнице Шерли, хотя его сердце принадлежит бесприданнице Кэролайн, а сама Шерли влюблена в брата Роберта, нищего учителя. Будет ли финал счастливым? |
| 333 |
Примечание о целевом назначении |
__ |
| a |
Примечание о целевом назначении |
16+. Для детей старше 16 лет |
| 454 |
Оригинал |
_0 |
| 1 |
|
2001 |
| a |
|
Shirley |
| 1 |
|
700 1 |
| a |
|
Bronte |
| b |
|
C. |
| g |
|
Charlotte |
| 606 |
Тематические рубрики |
__ |
| 2 |
Код системы |
nlr_sh |
| a |
Основная рубрика |
Художественная литература |
| 606 |
Тематические рубрики |
__ |
| 2 |
Код системы |
nlr_sh |
| a |
Основная рубрика |
Литература Европы (произведения) |
| y |
Географическая подрубрика |
Великобритания |
| 610 |
Ключевые слова |
0_ |
| a |
Ключевые слова |
зарубежная литература |
| 610 |
Ключевые слова |
0_ |
| a |
Ключевые слова |
иностранная литература |
| 610 |
Ключевые слова |
0_ |
| a |
Ключевые слова |
классическая литература |
| 610 |
Ключевые слова |
0_ |
| a |
Ключевые слова |
английская литература |
| 610 |
Ключевые слова |
0_ |
| a |
Ключевые слова |
английская классика |
| 610 |
Ключевые слова |
0_ |
| a |
Ключевые слова |
романы |
| 610 |
Ключевые слова |
0_ |
| a |
Ключевые слова |
любовные романы |
| 610 |
Ключевые слова |
0_ |
| a |
Ключевые слова |
тема конфликта поколений |
| 610 |
Ключевые слова |
0_ |
| a |
Ключевые слова |
конфликт поколений |
| 610 |
Ключевые слова |
0_ |
| a |
Ключевые слова |
тема социального неравенства |
| 610 |
Ключевые слова |
0_ |
| a |
Ключевые слова |
социальное неравенство |
| 610 |
Ключевые слова |
0_ |
| a |
Ключевые слова |
тема брака |
| 610 |
Ключевые слова |
0_ |
| a |
Ключевые слова |
брак |
| 610 |
Ключевые слова |
0_ |
| a |
Ключевые слова |
тема любви |
| 610 |
Ключевые слова |
0_ |
| a |
Ключевые слова |
любовь |
| 686 |
Индексы других классификаций |
__ |
| 2 |
Код системы |
rubbks |
| a |
Классификационный индекс |
84(4Вел)52-4; ст84(4Вел)-4 |
| 700 |
Автор |
_1 |
| a |
Фамилия |
Бронте |
| b |
Имя |
Ш. |
| f |
Даты |
1816-1855 |
| g |
Полное личное имя |
Шарлотта |
| 4 |
Код отношения |
070 |
| 702 |
Вторичная интеллектуальная ответственность |
_1 |
| a |
Фамилия |
Грушецкая |
| b |
Имя |
И. Е. |
| f |
Даты |
1907-1981 |
| g |
Полное личное имя |
Ирина Евгеньвна |
| 4 |
Код отношения |
730 |
| 702 |
Вторичная интеллектуальная ответственность |
_1 |
| a |
Фамилия |
Мендельсон |
| b |
Имя |
Ф. Л. |
| f |
Даты |
1926-2002 |
| g |
Полное личное имя |
Феликс Львович |
| 4 |
Код отношения |
730 |
| 801 |
Источник записи |
_0 |
| a |
Страна |
RU |
| b |
Организация |
Муниципальное бюджетное учреждение культуры "Централизованная библиотечная система" г. Сургут (Центральная городская библиотека им. А. С. Пушкина) |
| g |
Правила каталогизации |
PSBO |
| c |
Дата составления |
20220317 |
| 801 |
Источник записи |
_1 |
| a |
Страна |
RU |
| b |
Организация |
Муниципальное бюджетное учреждение культуры "Централизованная библиотечная система" г. Сургут (Центральная городская библиотека им. А. С. Пушкина) |
| g |
Правила каталогизации |
PSBO |
| c |
Дата составления |
20220317 |
| 852 |
Данные о местонахождении |
__ |
| i |
Авторский знак |
Б 88 |
| j |
Шифр хранения |
84(4Вел)52-4 |
| 900 |
Макрообъекты |
__ |
| a |
Макрообъекты |
Шерли. Ш. Бронте (Элегантная классика). 2021 |
| 901 |
Тип документа |
__ |
| t |
Тип документа |
m |
| a |
Ответственный |
КиК/Обаева |
| 903 |
Характеристики (МАРС) |
__ |
| c |
Наименование библиотеки (МАРС) |
Муниципальное бюджетное учреждение культуры "Централизованная библиотечная система" г. Сургут (Центральная городская библиотека им. А. С. Пушкина) |
| a |
Дата передачи |
20220317 |
| 990 |
Данные о заказе (DOS) |
__ |
| j |
Количество экземпляров (DOS) |
9 |
| t |
N записи в КСУ для И/У (DOS) |
202203 |